The nine most troublesome teenage problems and how to solve them /

Bibliographic Details
Main Author: Bauman, Lawrence, 1946-
Other Authors: Riche, Robert
Format: Book
Language:English
Published: Secaucus, N.J. : L. Stuart, [1986]
Subjects:

MARC

Tag First Indicator Second Indicator Subfields
LEADER 00000cam a2200000 a 4500
001 in00000017257
005 20151007053427.0
008 860221s1986 nju 00110 eng
010 |a  86003814  
020 |a 0818403926 :  |c $15.95 
035 |a (OCoLC)13269645 
035 |9 AAB1617AM 
040 |a DLC  |c DLC  |d m/c  |d TXA  |d UtOrBLW 
049 |a TXAM  |c [A11061692] 
050 0 0 |a HQ796  |b .B3433 1986 
082 0 |a 305.2/35  |2 19 
100 1 |a Bauman, Lawrence,  |d 1946- 
245 1 4 |a The nine most troublesome teenage problems and how to solve them /  |c Lawrence Bauman, with Robert Riche. 
264 1 |a Secaucus, N.J. :  |b L. Stuart,  |c [1986] 
264 4 |c ©1986 
300 |a 223 pages ;  |c 24 cm. 
336 |a text  |b txt  |2 rdacontent 
337 |a unmediated  |b n  |2 rdamedia 
338 |a volume  |b nc  |2 rdacarrier 
500 |a Includes index. 
650 0 |a Adolescence. 
650 0 |a Adolescent psychology. 
650 0 |a Parenting. 
700 1 |a Riche, Robert. 
999 |a MARS 
999 f f |s 1f2ac54b-03f6-31a2-85ba-60c05f7c7a02  |i 4c3c1c68-3565-325b-bbbf-42d8384f6114  |t 0 
952 f f |p ric  |a Texas A&M University  |b Rellis Campus  |c Joint Library Facility  |d Remote Storage  |t 0  |e HQ796 .B3433 1986  |h Library of Congress classification  |i unmediated -- volume  |m A14811061692 
998 f f |a HQ796 .B3433 1986  |t 0  |l Remote Storage